An introduction to capital markets : products, strategies, participants
Saved in:
| Main Author: | |
|---|---|
| Format: | Book |
| Language: | English |
| Published: |
New York :
J. Wiley,
2002
|
| Series: | Wiley finance series
|
| Subjects: | |
| Tags: |
Add Tag
No Tags, Be the first to tag this record!
|
MARC
| LEADER | 00000nam a2200000 i 4500 | ||
|---|---|---|---|
| 001 | 1/50238 | ||
| 008 | 070802s2002 eng d | ||
| 020 | |a 978-0471-498866-7 | ||
| 020 | |a 0-471-49866-1 | ||
| 035 | |l 10089405 | ||
| 040 | |a GR-MY-UA |b gre |e aacr | ||
| 041 | 0 | |a eng | |
| 082 | 0 | |a 332.041 |2 (22) | |
| 100 | 1 | |a Chisholm, Andrew M. |d 1959- |4 aut | |
| 245 | 1 | 3 | |a An introduction to capital markets : |b products, strategies, participants / |c Andrew M. Chisholm. |
| 260 | |a New York : |b J. Wiley, |c 2002 | ||
| 300 | |a xiii, 448 σ.; |b εικ.; |c 25 εκ. | ||
| 490 | 1 | |a Wiley finance series | |
| 504 | |a Βιβλιογραφία: σ. 435-437. Ευρετήριο | ||
| 650 | 0 | 0 | |a Capital market. |
| 830 | 0 | |a Wiley finance series | |
| 852 | |a INST |b CHIOS |e 20070802 |h 332.041 CHI |p 005200025713 |q 005200025713 |t BK |y 0 | ||
| 901 | |a BIBL2-2007-2 | ||
| 909 | |a Χ |b 137255 | ||
| 922 | |a 2ΕΛΗ |b 200707 |c ΕΠΕΑΕΚ2/ΤΝΕΥ |d ΕΛΕΥΘΕΡΟΥΔΑΚΗΣ | ||
| 970 | |a ΒΑΡΦΗΣ |b ΒΑΓΓΕΛΗΣ |z 2007/08/02 | ||